[Event "Las Americas op U1800 Hybrid"]
[Site "Internet"]
[Date "2022.06.04"]
[Round "4.12"]
[White "Bohorquez Canizares, Maria Isabel"]
[Black "Lu, Tony"]
[Result "1/2-1/2"]
[WhiteElo "1468"]
[BlackElo "1647"]
[PlyCount "114"]
[EventDate "2022.06.04"]
[EventType "swiss"]
[EventRounds "6"]
[EventCountry "VEN"]
[SourceTitle "EXT 2024"]
[Source "ChessBase"]
[SourceDate "2023.10.10"]
[SourceVersion "1"]
[SourceVersionDate "2023.10.10"]
[SourceQuality "1"]

1. e4 e6 2. d3 c5 3. g3 b6 4. Bg2 Bb7 5. Nf3 Be7 6. Nbd2 Nc6 7. 0-0 h5 8. h3 Qc7 9. c3 0-0-0 10. d4 g5 11. dxc5 bxc5 12. Ne1 f5 13. a3 h4 14. g4 fxg4 15. Qxg4 Nf6 16. Qe2 g4 17. hxg4 h3 18. Bf3 Rdg8 19. Kh1 h2 20. Nc4 Rh4 21. Ng2 Rh7 22. Bf4 e5 23. Bd2 Nd8 24. b4 Ne6 25. Na5 Ba8 26. Rab1 Rhg7 27. Ne3 Nxe4 28. Nf5 Nxd2 29. Bxa8 Nxf1 30. Nxg7 Rxg7 31. Rxf1 Nf4 32. Qf3 Kd8 33. Rd1 Ke8 34. Be4 Kf8 35. Nb3 Rf7 36. Qe3 c4 37. Nc5 Bxc5 38. Qxc5+ Qxc5 39. bxc5 Nh3 40. Kxh2 Nxf2 41. Re1 Rf4 42. Bf5 Nxg4+ 43. Bxg4 Rxg4 44. Rxe5 Rg6 45. Re4 Ra6 46. Rxc4 Rxa3 47. c6 dxc6 48. Rxc6 Ke7 49. Kg3 Kd7 50. Rc4 Kd6 51. Kf4 Kd5 52. Rc8 a5 53. c4+ Kd6 54. Ke4 a4 55. c5+ Kd7 56. Ra8 Kc6 57. Kd4 Ra1 1/2-1/2

[Event "ECU-ch (Women)"]
[Site "Salinas"]
[Date "2021.12.18"]
[Round "6"]
[White "Bohorquez Canizares, Maria Isabel"]
[Black "Naekat Mashianda, Jomaira Fernanda"]
[Result "1-0"]
[WhiteElo "1492"]
[BlackElo "1222"]
[PlyCount "57"]
[EventDate "2021.12.16"]
[EventType "swiss"]
[EventRounds "7"]
[EventCountry "ECU"]
[SourceTitle "EXT 2023"]
[Source "ChessBase"]
[SourceDate "2022.10.05"]
[SourceVersion "1"]
[SourceVersionDate "2022.10.05"]
[SourceQuality "1"]

1. e4 c5 2. d3 g6 3. Nf3 Bg7 4. g3 d6 5. Bg2 Nf6 6. 0-0 0-0 7. Nc3 Nc6 8. Ne2 Bg4 9. h3 Bxf3 10. Bxf3 Nd7 11. c3 Nde5 12. Bg2 c4 13. d4 Nd3 14. Qa4 Rc8 15. Qc2 b5 16. Bd2 b4 17. Nf4 Nxf4 18. Bxf4 e5 19. dxe5 dxe5 20. Rfd1 Qe7 21. Be3 a5 22. Rd5 Qb7 23. Rad1 Rfd8 24. Rxd8+ Nxd8 25. Qd2 Nc6 26. Bf1 Ne7 27. Qd7 Rc7 28. Qe8+ Bf8 29. Rd8 1-0

[Event "ECU-ch (Women)"]
[Site "Salinas"]
[Date "2021.12.17"]
[Round "4"]
[White "Bohorquez Canizares, Maria Isabel"]
[Black "Guerrero Caicedo, Arlette Sabina"]
[Result "0-1"]
[WhiteElo "1492"]
[BlackElo "1472"]
[PlyCount "70"]
[EventDate "2021.12.16"]
[EventType "swiss"]
[EventRounds "7"]
[EventCountry "ECU"]
[SourceTitle "EXT 2023"]
[Source "ChessBase"]
[SourceDate "2022.10.05"]
[SourceVersion "1"]
[SourceVersionDate "2022.10.05"]
[SourceQuality "1"]

1. e4 d5 2. d3 Nc6 3. Nd2 Nf6 4. h3 e5 5. Ngf3 Bc5 6. Be2 0-0 7. 0-0 h6 8. c3 Re8 9. Re1 a5 10. Bf1 Rb8 11. a3 b5 12. b4 Ba7 13. Qc2 Ba6 14. Bb2 d4 15. cxd4 Nxd4 16. Nxd4 exd4 17. Nb3 a4 18. Na5 Bb7 19. Rac1 c5 20. Nxb7 Rxb7 21. Qd2 Rc7 22. Rc2 c4 23. dxc4 Nxe4 24. Qd3 bxc4 25. Rxc4 Rxc4 26. Qxc4 Qf6 27. Rxe4 Rxe4 28. Qc8+ Kh7 29. Bd3 Qg6 30. Bxe4 Qxe4 31. g3 d3 32. Qc3 Bd4 33. Qd2 Bxb2 34. Qxb2 Qe2 35. Qc3 Qc2 0-1

[Event "Guayaquil zt 2.4 (Women)"]
[Site "Guayaquil"]
[Date "2019.04.09"]
[Round "1"]
[White "Bohorquez Canizares, Maria Isabel"]
[Black "Jaramillo Rivadeneira, Kerly Samantha"]
[Result "0-1"]
[WhiteElo "1461"]
[BlackElo "1738"]
[PlyCount "68"]
[EventDate "2019.04.09"]
[EventType "tourn"]
[EventRounds "9"]
[EventCountry "ECU"]
[SourceTitle "CBM 189 Extra"]
[Source "ChessBase"]
[SourceDate "2019.06.03"]
[SourceVersion "1"]
[SourceVersionDate "2019.06.03"]
[SourceQuality "1"]

1. e4 c5 2. d3 d6 3. Nf3 g6 4. g3 Bg7 5. Bg2 Nc6 6. 0-0 e6 7. Nc3 Nge7 8. Ne2 Nd4 9. c3 Nxf3+ 10. Bxf3 Nc6 11. Be3 0-0 12. d4 cxd4 13. Nxd4 Ne5 14. Bg2 Bd7 15. Qb3 Qc7 16. Rad1 a6 17. Bf4 Nc4 18. Nf3 e5 19. Bc1 h6 20. Nd2 Be6 21. Qc2 Rfd8 22. b3 Nxd2 23. Rxd2 Rac8 24. Bb2 Qa5 25. Ba1 d5 26. exd5 Bxd5 27. Bxd5 Rxd5 28. Rxd5 Qxd5 29. c4 Qf3 30. Re1 Rd8 31. Qc3 Rd3 32. Qc2 h5 33. Bb2 Qf5 34. Rd1 Rxg3+ 0-1

[Event "Philadelphia op 11th"]
[Site "Philadelphia"]
[Date "2017.04.16"]
[Round "8"]
[White "Wongso, Steve"]
[Black "Bohorquez Canizares, Maria Isabel"]
[Result "1-0"]
[WhiteElo "1617"]
[BlackElo "1570"]
[PlyCount "69"]
[EventDate "2017.04.12"]
[EventType "swiss"]
[EventRounds "9"]
[EventCountry "USA"]
[SourceTitle "EXT 2019"]
[Source "ChessBase"]
[SourceDate "2018.10.10"]
[SourceVersion "1"]
[SourceVersionDate "2018.10.10"]
[SourceQuality "1"]

1. e4 c5 2. Nf3 e6 3. d4 cxd4 4. Nxd4 a6 5. Nc3 d6 6. a4 Nf6 7. Be2 Qc7 8. 0-0 Be7 9. f4 b6 10. Kh1 0-0 11. g4 Bb7 12. Bf3 Nc6 13. Be3 Na5 14. g5 Nd7 15. Bg2 Nc4 16. Bc1 Rac8 17. Rf3 Rfd8 18. Rh3 Nf8 19. b3 Na5 20. Bb2 Nc6 21. f5 Nxd4 22. Qxd4 Bxg5 23. Rg1 Bf6 24. Qf2 Qc5 25. Qd2 exf5 26. exf5 Qxf5 27. Bxb7 Qxh3 28. Rg3 Qf1+ 29. Rg1 Qf5 30. Bxc8 Rxc8 31. Nd5 Qe4+ 32. Qg2 Qxg2+ 33. Rxg2 Ng6 34. Bxf6 gxf6 35. Ne7+ 1-0

[Event "Philadelphia op 11th"]
[Site "Philadelphia"]
[Date "2017.04.15"]
[Round "6"]
[White "Alvarez, Tirso"]
[Black "Bohorquez Canizares, Maria Isabel"]
[Result "0-1"]
[WhiteElo "1580"]
[BlackElo "1570"]
[PlyCount "78"]
[EventDate "2017.04.12"]
[EventType "swiss"]
[EventRounds "9"]
[EventCountry "USA"]
[SourceTitle "EXT 2018"]
[Source "ChessBase"]
[SourceDate "2017.10.13"]
[SourceVersion "1"]
[SourceVersionDate "2017.10.13"]
[SourceQuality "1"]

1. e4 c5 2. Nf3 e6 3. d4 cxd4 4. Nxd4 a6 5. Be2 Nf6 6. Nc3 d6 7. 0-0 Qc7 8. Be3 Be7 9. a4 b6 10. Qd2 Bb7 11. f3 0-0 12. Kh1 Nbd7 13. Nb3 d5 14. exd5 Nxd5 15. Nxd5 Bxd5 16. Rfd1 Rfc8 17. Bd3 Bd6 18. h3 Ne5 19. Be4 Bxe4 20. fxe4 Nc4 21. Qf2 Nxb2 22. Bxb6 Nxd1 23. Rxd1 Bg3 24. Qe3 Bf4 25. Qf2 Qc6 26. Qxf4 Qxb6 27. Rd7 Rf8 28. Rd6 Qc7 29. Qd2 Rfd8 30. e5 f6 31. c4 fxe5 32. c5 e4 33. Qd4 e3 34. Qe5 e2 35. Qxe6+ Qf7 36. Qxe2 Qxb3 37. Rxd8+ Rxd8 38. Qxa6 Qg3 39. Qf1 Re8 0-1

[Event "American Continental (Women) 09th"]
[Site "Lima"]
[Date "2016.02.20"]
[Round "1"]
[White "Orozco, Lina Yomayra"]
[Black "Bohorquez Canizares, Maria Isabel"]
[Result "1-0"]
[WhiteElo "2118"]
[BlackElo "1574"]
[PlyCount "43"]
[EventDate "2016.02.20"]
[EventType "swiss"]
[EventRounds "9"]
[EventCountry "PER"]
[SourceTitle "CBM 171 Extra"]
[Source "ChessBase"]
[SourceDate "2016.04.26"]
[SourceVersion "1"]
[SourceVersionDate "2016.04.26"]
[SourceQuality "1"]

1. e4 c5 2. Nf3 e6 3. d4 cxd4 4. Nxd4 a6 5. Nc3 d6 6. g3 b6 7. Bg2 Bb7 8. 0-0 Nf6 9. a4 Qc7 10. Be3 Be7 11. Nb3 Nc6 12. f4 0-0 13. g4 Nd7 14. g5 g6 15. Qg4 Nb4 16. Rac1 d5 17. f5 exf5 18. exf5 Bd6 19. Qh4 gxf5 20. Rxf5 Ne5 21. Bd4 Nbc6 22. Nxd5 1-0

[Event "Pan American-ch U20 Girls"]
[Site "Asuncion"]
[Date "2014.06.26"]
[Round "7"]
[White "Bohorquez Canizares, Maria Isabel"]
[Black "Perez, Dalila"]
[Result "1/2-1/2"]
[WhiteElo "1656"]
[BlackElo "1817"]
[PlyCount "64"]
[EventDate "2014.06.21"]
[EventType "swiss"]
[EventRounds "9"]
[EventCountry "PAR"]
[SourceTitle "CBM 161 Extra"]
[Source "ChessBase"]
[SourceDate "2014.08.29"]
[SourceVersion "1"]
[SourceVersionDate "2014.08.29"]
[SourceQuality "1"]

1. e4 e6 2. d4 d5 3. exd5 exd5 4. c4 Nf6 5. Nf3 c6 6. Nc3 Be6 7. cxd5 Nxd5 8. Bd3 Be7 9. 0-0 Nd7 10. Qc2 Nb4 11. Qb1 Nxd3 12. Qxd3 Bf6 13. Ne4 h6 14. Nd6+ Kf8 15. Nxb7 Qb6 16. Nd6 c5 17. Ne4 Bxd4 18. Nxd4 cxd4 19. Rd1 Re8 20. Qxd4 Qxd4 21. Rxd4 Bf5 22. f3 Bxe4 23. Rxe4 Rxe4 24. fxe4 Nf6 25. Be3 Nxe4 26. Rc1 Ke7 27. Bxa7 Ra8 28. Rc7+ Ke6 29. Kf1 Nd6 30. Bc5 Rxa2 31. Rc6 Kd5 32. Rxd6+ Kxc5 1/2-1/2

[Event "Pan American-ch U18 Girls 24th"]
[Site "Pocos de Caldas"]
[Date "2013.07.29"]
[Round "5"]
[White "Camacho, Maria Laura"]
[Black "Bohorquez Canizares, Maria Isabel"]
[Result "1/2-1/2"]
[WhiteElo "1806"]
[BlackElo "1644"]
[PlyCount "89"]
[EventDate "2013.07.26"]
[EventType "swiss"]
[EventRounds "9"]
[EventCountry "BRA"]
[SourceTitle "EXT 2018"]
[Source "ChessBase"]
[SourceDate "2017.10.13"]
[SourceVersion "1"]
[SourceVersionDate "2017.10.13"]
[SourceQuality "1"]

1. d4 Nf6 2. Nf3 d6 3. Bf4 Nbd7 4. e3 c6 5. Bd3 Qb6 6. b3 Qc7 7. e4 e5 8. Bg3 g6 9. dxe5 dxe5 10. 0-0 Bc5 11. h3 0-0 12. Nbd2 Nh5 13. Bh2 Re8 14. c3 Nf8 15. b4 Bd6 16. Nc4 Nf4 17. Bc2 Rd8 18. Qe1 f6 19. Nxd6 Rxd6 20. Qe3 N8e6 21. Rad1 b6 22. Rxd6 Qxd6 23. Rd1 Qe7 24. Bb3 Kh8 25. Bxf4 Nxf4 26. Kh2 Be6 27. Qd2 Bxb3 28. axb3 c5 29. b5 Rf8 30. g3 Ne6 31. Qd6 Re8 32. Qc6 Rd8 33. Rd5 Nc7 34. Rxd8+ Qxd8 35. c4 Ne8 36. Qb7 Qc7 37. Qd5 Qe7 38. Ne1 Kg7 39. Nc2 Qf7 40. Ne3 Nc7 41. Qd3 Ne6 42. Nd5 Nd4 43. b4 cxb4 44. Nxb4 Qb7 45. Nd5 1/2-1/2

[Event "Pan American-ch U18 Girls 24th"]
[Site "Pocos de Caldas"]
[Date "2013.07.28"]
[Round "4"]
[White "Bohorquez Canizares, Maria Isabel"]
[Black "Rodriguez Rueda, Paula Andrea"]
[Result "0-1"]
[WhiteElo "1644"]
[BlackElo "2209"]
[PlyCount "73"]
[EventDate "2013.07.26"]
[EventType "swiss"]
[EventRounds "9"]
[EventCountry "BRA"]
[SourceTitle "EXT 2018"]
[Source "ChessBase"]
[SourceDate "2017.10.13"]
[SourceVersion "1"]
[SourceVersionDate "2017.10.13"]
[SourceQuality "1"]

1. e4 c5 2. Nf3 e6 3. d4 cxd4 4. Nxd4 Nc6 5. Nc3 Qc7 6. Ndb5 Qb8 7. g3 a6 8. Nd4 b5 9. a4 Bb7 10. Bg2 Be7 11. Be3 Nf6 12. 0-0 0-0 13. f4 Rd8 14. e5 Ne8 15. Ne4 Nxd4 16. Qxd4 d6 17. Qc3 Rc8 18. Qd3 dxe5 19. fxe5 Qxe5 20. Bd4 Qc7 21. Bc3 f5 22. Nd2 Bxg2 23. Kxg2 Bf6 24. Bxf6 Nxf6 25. c3 Qc6+ 26. Kg1 Rd8 27. Qe2 Ng4 28. Nf3 e5 29. h3 Qc5+ 30. Kh1 Ne3 31. Rf2 Rd7 32. Re1 f4 33. gxf4 exf4 34. Nd4 Qd6 35. Qf3 Rf8 36. Rg1 h6 37. Nc2 0-1

[Event "Duran zt 2.3.5 (Women)"]
[Site "Duran"]
[Date "2012.03.11"]
[Round "9"]
[White "Naipal, Ekaterina"]
[Black "Bohorquez Canizares, Maria Isabel"]
[Result "1/2-1/2"]
[WhiteElo "1821"]
[BlackElo "1713"]
[PlyCount "95"]
[EventDate "2012.03.05"]
[EventType "swiss"]
[EventRounds "9"]
[EventCountry "ECU"]
[SourceTitle "EXT 2023"]
[Source "ChessBase"]
[SourceDate "2022.10.05"]
[SourceVersion "1"]
[SourceVersionDate "2022.10.05"]
[SourceQuality "1"]

1. Nf3 d6 2. d4 Nf6 3. c4 Nbd7 4. Nc3 e5 5. e4 Be7 6. Be2 0-0 7. 0-0 exd4 8. Nxd4 Nc5 9. Qc2 a5 10. Be3 Re8 11. Rfd1 Bf8 12. f3 g6 13. Bf2 Bg7 14. Bf1 Nh5 15. Nde2 Ne6 16. c5 Qe7 17. cxd6 cxd6 18. Nd5 Qg5 19. Ng3 Nxg3 20. Bxg3 Be5 21. Bxe5 dxe5 22. Nb6 Rb8 23. Rac1 Nf4 24. Kh1 Be6 25. Qd2 Bxa2 26. Qxa5 Be6 27. Qd2 Rbd8 28. Qe3 Rxd1 29. Rxd1 Rd8 30. Nd5 Kg7 31. Nc3 Rxd1 32. Nxd1 Bc4 33. Qf2 Bxf1 34. Qxf1 Ne6 35. Nf2 Qd2 36. Nd3 Kf6 37. Qb1 Nf4 38. Nxf4 exf4 39. Kg1 Qe3+ 40. Kf1 Qb3 41. Ke1 Ke6 42. Kd2 f5 43. Qc2 Qxc2+ 44. Kxc2 fxe4 45. fxe4 h5 46. h4 Kd6 47. Kd3 Kc5 48. Kc3 1/2-1/2

[Event "Duran zt 2.3.5 (Women)"]
[Site "Duran"]
[Date "2012.03.09"]
[Round "7"]
[White "Bermudez Veliz, Josselyn Dayan"]
[Black "Bohorquez Canizares, Maria Isabel"]
[Result "1-0"]
[WhiteElo "1645"]
[BlackElo "1713"]
[PlyCount "103"]
[EventDate "2012.03.05"]
[EventType "swiss"]
[EventRounds "9"]
[EventCountry "ECU"]
[SourceTitle "EXT 2023"]
[Source "ChessBase"]
[SourceDate "2022.10.05"]
[SourceVersion "1"]
[SourceVersionDate "2022.10.05"]
[SourceQuality "1"]

1. d4 d6 2. Bf4 Nf6 3. h3 Nbd7 4. Nf3 c6 5. e3 Qb6 6. Qc1 Qc7 7. Be2 e5 8. Bh2 Be7 9. 0-0 0-0 10. c4 Re8 11. Nc3 Qb8 12. Rd1 Bd8 13. b4 Bc7 14. b5 exd4 15. bxc6 dxc3 16. cxd7 Bxd7 17. Qxc3 Bc6 18. Nd4 d5 19. Bxc7 Qxc7 20. Bf3 Ne4 21. Bxe4 dxe4 22. Nxc6 Qxc6 23. Rd4 Red8 24. Rad1 Rxd4 25. Rxd4 Rc8 26. Qa5 Qb6 27. Qxb6 axb6 28. Rxe4 Kf8 29. Rd4 Ke7 30. g3 Ra8 31. Rd2 Rc8 32. Rb2 Rc6 33. Kf1 Kd6 34. Rb5 Kc7 35. Rb4 Rc5 36. Ke2 Rh5 37. h4 Ra5 38. a4 Rf5 39. Rb5 Rf6 40. e4 Rd6 41. Rd5 Rc6 42. Kd3 f6 43. Kd4 h6 44. f4 Re6 45. h5 Re7 46. g4 Re6 47. e5 Re7 48. c5 Re6 49. cxb6+ Rxb6 50. Rb5 Re6 51. a5 Ra6 52. Kd5 1-0